Défaites militaires françaises - Statistiques

Statistiques générales
  • Ce quiz a été pris 35 fois
  • Le résultat moyen est 4 sur 20
Statistiques - réponses
Date Guerre Pertes* Bataille % Correct
1815 Guerres napoléoniennes 23 000 Waterloo
84%
1870 Guerre franco-prussienne 18 031 Sedan
61%
1954 Guerre d'Indochine 15 289 Diên Biên Phu
58%
1940 Seconde guerre mondiale ~16 000 Dunkerque
48%
1917 Première guerre mondiale 187 000 Chemin des dames
45%
1525 Guerres d'Italie 8 000 Pavie
29%
1870-1871 Guerre franco-prussienne 24 000 Siège de Paris
29%
1813 Guerres napoléoniennes 38 000 Leipzig
19%
1914 Première guerre mondiale 50 000 Ardennes
13%
1914 Première guerre mondiale 206 515 Bataille des frontières
13%
1870 Guerre franco-prussienne 38 000 Siège de Metz
10%
1915-1916 Première guerre mondiale 27 169 Gallipoli
6%
1340 Guerre de Cent ans ~15 000 Bataille de l'Écluse
3%
1914 Première guerre mondiale 27 000 Charleroi
3%
1914 Première guerre mondiale 11 900 Rossignol
3%
1870 Guerre franco-prussienne 9 477 Champigny
0%
1813 Guerres napoléoniennes 10 000 Dantzig
0%
1558 Guerres d'Italie ~12 500 Gravelines
0%
1706 Guerre de Succession d'Espagne 12 000 Ramillies
0%
1621 Rébellions huguenotes 15 000 Siège de Montauban
0%
Aucun quiz correspondant
Distribution des résultats
% des personnes avec chaque résultat
Percentile par nombre de réponses
Votre historique - résultats
Vous n’avez pas pris ce quiz